Представление документа в формате MARC21

Поле Инд. ПП Название Значение
Тип записи a
Библиографический уровень b
001 Контрольный номер RU/IS/BASE/267794608
005 Дата корректировки 20200522191237.1
008 Кодируемые данные 20080626
040 b Код языка каталог. rus
e Правила каталог. PSBO
041 0_ a Код языка текста rus
084 a Индекс другой классификации/Индекс ББК 81.411.2-3
100 1_ a Автор Батюкова Н. А.
245 10 a Заглавие Говоря современным языком (рефлексивы в современных средствах массовой информации)
504 a Библиография Библиогр.: с. 161
520 0_ a Аннотация Определяя рефлексию "как осознанность речевого поведения" и выделяя несколько уровней рефлексии, автор рассматривает две разновидности: рефлексию интенции (контролируемость коммуникации на этапе исполнения) и сличение достигнутого результата с замыслом (оценка эффективности коммуникации)
650 04 a Основная рубрика лексикология
a Основная рубрика русский язык
a Основная рубрика филологические науки
a Основная рубрика частное языкознание
a Основная рубрика языкознание
653 1_ a Ключевые слова коммуникации
a Ключевые слова лексика
a Ключевые слова оценка эффективности
a Ключевые слова разговорная речь
a Ключевые слова рефлексия
a Ключевые слова рефлексия интенции
a Ключевые слова речевое поведение
a Ключевые слова речь
a Ключевые слова средства массовой информации (СМИ)
a Ключевые слова эффективность коммуникации
a Ключевые слова язык массмедиа
773 08 t Заглавие источника Вестник Московского университета. Серия 9, Филология
d Дата издания источника 2007
g Прочая информация № 5. - С. 156 - 161
w Контрольный № источника RU/IS/BASE/261756274
901 t Тип документа b